| 000 | 00738nam a2200205 a 4500 | ||
|---|---|---|---|
| 003 | 0 | ||
| 005 | 20250405084830.0 | ||
| 008 | 050809s19uu xx 00 eng d | ||
| 050 |
_aPGS LB 1065.S54 _b.M862 2005 |
||
| 100 | _aMoriwaki, Mikio G. | ||
| 245 |
_aThe effects of sleeping habits on study habits / _cMikio G. Moriwaki. |
||
| 260 |
_aLas PiƱas City, Philippines : _bSouthville International School and Colleges, _c2005. |
||
| 300 |
_a25 pages : _billustrations ; _c28 cm. |
||
| 504 | _aIncludes bibliographical references. | ||
| 650 |
_aSleep _vPhysiological aspects. |
||
| 650 |
_aSleep _vEffect of on learning. |
||
| 650 | _aSleep deprivation in children. | ||
| 650 |
_aStudents _vTime management. |
||
| 942 |
_2lcc _cPASS |
||
| 999 |
_c97397 _d97397 |
||